Priebežná správa o činnosti na zahraničnom vedecko-výskumnom projekte
Na tomto vymedzenom priestore predkladáme širokej odbornej verejnosti penzum vybraných informácií o priebežnej realizácii konkrétneho vedecko-výskumného projektu zameraného na výskum v oblasti podnikania rodinných podnikov. Autor priebežnej správy je zástupcom vedúcej projektu a spoluriešiteľ za koo...
Enregistré dans:
| Auteur principal: | |
|---|---|
| Format: | Chapitre de livre |
| Langue: | slovaque |
| Sujets: | |
| Tags: |
Pas de tags, Soyez le premier à ajouter un tag!
|
MARC
| LEADER | 00000naa a2200000 4500 | ||
|---|---|---|---|
| 001 | 0298146 | ||
| 005 | 20240619111011.5 | ||
| 041 | 0 | |a slo | |
| 044 | |a SK | ||
| 245 | 1 | 0 | |a Priebežná správa o činnosti na zahraničnom vedecko-výskumnom projekte |c Ladislav Mura |
| 520 | |a Na tomto vymedzenom priestore predkladáme širokej odbornej verejnosti penzum vybraných informácií o priebežnej realizácii konkrétneho vedecko-výskumného projektu zameraného na výskum v oblasti podnikania rodinných podnikov. Autor priebežnej správy je zástupcom vedúcej projektu a spoluriešiteľ za kooperujúce pracovisko. | ||
| 610 | 2 | 0 | |a podnik rodinný |
| 610 | 2 | 0 | |a kríza hospodárska |
| 610 | 2 | 0 | |a pandémia |
| 610 | 2 | 0 | |a rodina |
| 610 | 2 | 0 | |a vzťahy medziľudské |
| 100 | 1 | |a Mura, Ladislav, 1979- | |